00378nam a2200157Ia 4500008004100000020001800041041000800059082001500067100001500082245002100097260004100118300001700159365001200176650001100188650002100199210719s2000 xx 000 0 und d a81-219-1794-8 aeng a581.1 GILP aGILL (P S) aPlant physiology aNew DelhibS. Chand & Co. Ltd.c2000 aviii,444bPB b140cRs aBotany aPlant Physiology